Vývoj českých podniků v období transformace: stručný přehled
Začiatky a priebeh mikroekonomickej transformácie v Českej republike. Stručný prehľad výsledkov doterajších štúdií o transformácii českých podnikov.
Salvato in:
| Autore principale: | |
|---|---|
| Altri autori: | |
| Natura: | Capitolo di libro |
| Lingua: | ceco |
| Soggetti: | |
| Tags: |
Nessun Tag, puoi essere il primo ad aggiungerne!!
|
MARC
| LEADER | 00000naa a2200000 4500 | ||
|---|---|---|---|
| 001 | r046006 | ||
| 005 | 20231002112546.1 | ||
| 041 | 0 | |a cze | |
| 044 | |a CZ | ||
| 245 | 1 | 0 | |a Vývoj českých podniků v období transformace: stručný přehled |c Evžen Kočenda, Lubomír Lízal |
| 520 | |a Začiatky a priebeh mikroekonomickej transformácie v Českej republike. Stručný prehľad výsledkov doterajších štúdií o transformácii českých podnikov. | ||
| 610 | 2 | 0 | |a mikroekonomika |
| 610 | 2 | 0 | |a Česko |
| 610 | 2 | 0 | |a podnik |
| 610 | 2 | 0 | |a transformácia |
| 610 | 2 | 0 | |a transformácia podniku |
| 610 | 2 | 0 | |a stratégia hospodárska |
| 100 | 1 | |a Kočenda, Evžen | |
| 700 | 1 | |a Lízal, Lubomír | |